Datum a čas kvízu
28.5
Celkem bodů
Celkový počet nahraných bodů na tomto kvízu bez doplňovacích otázek.
9.
Pořadí na kvízu
Konečné umístění týmu na tomto kvízu.
Zaznamenané odpovědi
| # | Otázka | Odpověď | Body | Výsledky |
|---|---|---|---|---|
| 1. | Více než 450 strážníků z 38 mě... | 0 | ||
| 2. | Drobná africká monarchie slaví... | 1 | ||
| 3. | Pořadatelé karlovarského filmo... | 1 | ||
| 4. | Česko a Slovensko dostaly od E... | 0 | ||
| 5. | V pátek a v sobotu se v Klatov... | 1 | ||
| 6. | Jak se jmenuje festival dokume... | 1 | ||
| 7. | Velký úspěch minulý rok zaznam... | 0 | ||
| 8. | Olga Sommerová je od roku 2014... | 1 | ||
| 9. | Režisérka Helena Třeštíková na... | 0 | ||
| 10. | Seřaďte tyto dokumenty podle j... | 1 |